00601nam a2200181Ia 4500003000400000008004100004040001600045082001800061100002100079245008900100700002600189700002400215700002800239260004700267650003600314650003300350650003600383GCL140319s9999 xx 000 0 eng d aGCL / cGCL04a155.8943bH T1 aWHEELERM, GORDON10aTHE COLLECTIVE SILENCE: GERMAN IDENTITY AND THE LEGACY OF SHAME / cWHEELERM, GORDON1 aHEIMANNSBERG, BARBARA1 aSCHMIDT, CHRISTOPHY1 aHARRIS, CYNTHIA (TRANS) a[S.N] : bJOSSEY-BASS PUBLISHERS ، c199304aCHILDREN - GERMENY - PSYCHOLOGY04aCHILDREN - GERMENY - HISTORY04aNATIONL SOCIALISM PSYCHOLOGICAL